Kỹ thuật nuôi cá rô phi vằn (Orechromis Niloticus)

Tập hợp những hướng dẫn kỹ thuật nuôi cá rô phi vằn, cụ thể như: Đặc điểm sinh học, chọn môi trường sống, kỹ thuật ương nuôi, vận chuyển, quản lí, thu hoạch, chăm sóc và phòng trị bệnh cho cá....

Täydet tiedot

Tallennettuna:
Bibliografiset tiedot
Päätekijä: Phạm, Văn Trang
Aineistotyyppi: Kirja
Kieli:Undetermined
Julkaistu: Hà Nội Nông nghiệp 2007
Aiheet:
Tagit: Lisää tagi
Ei tageja, Lisää ensimmäinen tagi!
Thư viện lưu trữ: Trung tâm Học liệu Trường Đại học Cần Thơ
LEADER 00927nam a2200205Ia 4500
001 CTU_133211
008 210402s9999 xx 000 0 und d
020 |c 11000 
082 |a 639.311 
082 |b Tr106 
100 |a Phạm, Văn Trang 
245 0 |a Kỹ thuật nuôi cá rô phi vằn (Orechromis Niloticus) 
245 0 |c Phạm Văn Trang, Nguyễn Trung Thành 
260 |a Hà Nội 
260 |b Nông nghiệp 
260 |c 2007 
520 |a Tập hợp những hướng dẫn kỹ thuật nuôi cá rô phi vằn, cụ thể như: Đặc điểm sinh học, chọn môi trường sống, kỹ thuật ương nuôi, vận chuyển, quản lí, thu hoạch, chăm sóc và phòng trị bệnh cho cá. 
650 |a Freshwater fishes,Cá nước ngọt 
904 |i Trọng Hải 
980 |a Trung tâm Học liệu Trường Đại học Cần Thơ